000 00441nam a2200181Ia 4500
001 14922
005 20260306164950.0
008 260306t2015||||xx |||||||||||||| ||spa||
041 _aESP
082 _a519.5
_bM81 2015
100 _aMolina, M. D.
_eAUT
245 0 _aEstadĂ­stica aplicada a las ciencias sociales
260 _c2015
300 _a263 páginas :
_c24 cm.
650 _aGEN
654 _aCMA
942 _cLIB
_dJUS
_fJUS
_2ddc
_n
999 _c14922
_d14922